Linux in a Nutshell (Record no. 124)

MARC details
000 -LEADER
Fixed length control field 00465nam a2200193 4500
003 - CONTROL NUMBER IDENTIFIER
Control field SEACOMMC
005 - DATE AND TIME OF LATEST TRANSACTION
Control field 20231011060036.0
008 - FIXED-LENGTH DATA ELEMENTS--GENERAL INFORMATION
Fixed length control field 231011b |||||||| |||| 00| 0 eng d
020 ## - INTERNATIONAL STANDARD BOOK NUMBER / ISBN
Price 500.00
040 ## - CATALOGING SOURCE
Original cataloging agency SEACOMMC
082 ## - DEWEY DECIMAL CLASSIFICATION NUMBER
Classification number 005.268LINUX
Book Number LIN
100 ## - MAIN ENTRY--PERSONAL NAME
Personal name Steven, Ellen
245 ## - TITLE STATEMENT
Title Linux in a Nutshell
250 ## - EDITION STATEMENT
Edition statement 4 th ed
260 ## - IMPRINT
Place of publication Navi Mumbai
Name of publisher Shroff
Date of publication 2003
650 ## - SUBJECT ADDED ENTRY--TOPICAL TERM
Topical term Linux Language
700 ## - ADDED ENTRY--PERSONAL NAME
Personal name Stephan Figgins, Aaron Weber
942 ## - ADDED ENTRY ELEMENTS (KOHA)
Koha item type Books
Holdings
Withdrawn status Lost status Source of classification Damaged status Not for loan Home library Current library Date acquired Total Checkouts Call number Accession number Date last seen Copy number Price effective from Koha item type
    Dewey Decimal Classification     SEACOM MANAGEMENT COLLEGE SEACOM MANAGEMENT COLLEGE 11/10/2023   005.268LINUX LIN 135 11/10/2023 2 11/10/2023 Books
    Dewey Decimal Classification     SEACOM MANAGEMENT COLLEGE SEACOM MANAGEMENT COLLEGE 11/10/2023   005.268LINUX LIN 136 11/10/2023 3 11/10/2023 Books
© Seacom Engineering College, All rights reserved.    Powered by Koha